000 00654nja a2200205 a 4500
003 BLK
005 20240831005357.0
008 180414c bul|r|ner|||| 00| c0bul d
010 _aNOT00003224002
040 _aBLK
100 _aХендел, Георг Фридрих
_d1685 - 1759
_9387450
245 1 0 _aКуранта
_cГеорг Фридрих Хендел.
257 _aBGR
380 _a7
773 _0316598
_9669485
_aХендел, Георг Фридрих
_tМалкият пианист
852 _aЦб М ІІ 267
942 _cNOT
_n0
944 _aCR
_c20.08.2010
_k
_lCRON CRON
944 _aED
_c14.03.2018
_kИрена_Линкова
999 _c316600
_d316600